Slovník socialistického poslance

Gespeichert in:
Bibliographische Detailangaben
Format: Buch
Sprache:Tschechisch
Veröffentlicht: Praha Svoboda 1985
Tags: Tag hinzufügen
Keine Tags, Fügen Sie das erste Tag hinzu!

MARC

LEADER 00000nam a2200000 4500
001 c110754
005 20230105083750.9
041 0 |a cze 
044 |a CZ 
245 1 0 |a Slovník socialistického poslance 
264 1 |a Praha  |b Svoboda  |c 1985 
300 |a 600 s.